[Event "Belgrade op"]
[Site "Belgrade"]
[Date "1989.??.??"]
[Round "6"]
[White "Chekhov, Valery A"]
[Black "Drasko, Milan"]
[Result "1-0"]
[WhiteElo "2480"]
[BlackElo "2485"]

1.d4 Nf6 2.c4 e6 3.Nc3 Bb4 4.Qc2 O-O 5.Bg5 c5 6.e3 cxd4 7.exd4 d5 8.cxd5 exd5
9.Bd3 h6 10.Bh4 Nc6 11.Ne2 Be7 12.a3 Be6 13.O-O Rc8 14.Rae1 a6 15.f3 b5 16.Qd1 Qd7
17.g4 g5 18.Bf2 Ne8 19.Ng3 Ng7 20.Bb1 f5 21.Qd3 Rf6 22.gxf5 Bxf5 23.Nxf5 Rxf5
24.Qd1 Rf7 25.Ba2 Rf5 26.Bb1 Rf7 27.Qd3 Rf5 28.Ne2 Bd6 29.Ng3 Bxg3 30.hxg3 Re8
31.Rxe8+ Qxe8 32.Qb3 Qf7 33.Bxf5 Nxf5 34.Rc1 Nce7 35.Qd1 g4 36.fxg4 Nd6 37.Kg2 Ne4
38.Qf3 Qe6 39.Be3 Kg7 40.Rc7 Kg6 41.Qf8  1-0

[Event "Benidorm op"]
[Site "Benidorm"]
[Date "1989.??.??"]
[Round "?"]
[White "Bass, Leonid"]
[Black "Jacobs, Byron A"]
[Result "1-0"]
[WhiteElo "2430"]
[BlackElo "2350"]

1.d4 Nf6 2.c4 e6 3.Nc3 Bb4 4.Qc2 O-O 5.a3 Bxc3+ 6.Qxc3 Qe8 7.f3 d6 8.e4 e5
9.d5 a5 10.b3 Nbd7 11.Ne2 Nc5  1-0

[Event "Bern op"]
[Site "Bern"]
[Date "1989.??.??"]
[Round "?"]
[White "Barbero, Gerardo F"]
[Black "Fauland, Alexander"]
[Result "1/2-1/2"]
[WhiteElo "2495"]
[BlackElo "2450"]

1.d4 Nf6 2.c4 e6 3.Nc3 Bb4 4.Qc2 O-O 5.Bg5 d6 6.e3 h6 7.Bh4 e5 8.Bd3 Nbd7
9.Ne2 c6 10.O-O Qe8 11.a3 Ba5 12.b4 Bd8 13.Qb3 Qe6 14.e4 Nh5 15.Bxd8 Rxd8
16.f4 exd4 17.Nxd4 Qf6 18.Nde2 Nf8 19.Qc2 Ne6 20.Qd2 a5 21.Rad1 axb4 22.axb4 Qh4
23.Bc2 Nf6 24.Rf3 Ng4 25.h3 Nf6 26.e5 Ne8 27.Rd3 Nf8 28.exd6 Bf5 29.Rd4 Bxc2
30.Qxc2 Ne6 31.R4d2 Nxf4 32.Rd4 Nxe2+ 33.Qxe2 Qg3 34.Ne4 Qe5 35.c5 f5 36.Nc3 Qxe2
37.Nxe2 Nf6 38.Nf4 Kf7 39.Rf1 Re8 40.Nd3 Re4 41.Rxe4 fxe4 42.Nf4 Ra4 43.Rb1  1/2-1/2

[Event "Noviki-A"]
[Site "Budapest"]
[Date "1989.??.??"]
[Round "?"]
[White "Horvath, Jozsef"]
[Black "Kosten, Anthony C"]
[Result "1-0"]
[WhiteElo "2510"]
[BlackElo "2500"]

1.d4 Nf6 2.c4 e6 3.Nc3 Bb4 4.Qc2 O-O 5.Bg5 d6 6.e3 Nbd7 7.Bd3 h6 8.Bh4 e5
9.Ne2 exd4 10.exd4 d5 11.c5 c6 12.O-O Ba5 13.Bg3 Re8 14.Rab1 Nf8 15.b4 Bc7
16.Qd2 Bg4 17.f3 Bh5 18.Nf4 Ne6 19.Nxe6 Rxe6 20.Ne2 Bxg3 21.hxg3 Re8 22.b5 Qe7
23.Rfe1 g5 24.g4 Qe3+ 25.Qxe3 Rxe3 26.bxc6 bxc6 27.Rb3 Bg6 28.Bxg6 Rxb3 29.Bxf7+ Kxf7
30.axb3 Rb8 31.Ra1 Rb7 32.Ra6 Rc7 33.b4 Ng8 34.Nc3 Rb7 35.b5 cxb5 36.c6 Rb6
37.c7 Ne7 38.Nxd5 Rxa6 39.Nxe7 Ra1+ 40.Kf2 Rc1 41.c8=Q Rxc8 42.Nxc8 a6 43.Ke3 Ke6
44.Kd3 Kd7 45.Na7 Kd6 46.g3 Kd5 47.f4 gxf4 48.gxf4 b4 49.Nc8  1-0

[Event "Elekes mem"]
[Site "Budapest"]
[Date "1989.??.??"]
[Round "?"]
[White "Vegh, Endre"]
[Black "Zsinka, Laszlo"]
[Result "1/2-1/2"]
[WhiteElo "2370"]
[BlackElo "2405"]

1.d4 Nf6 2.c4 e6 3.Nc3 Bb4 4.Qc2 O-O 5.Bg5 d6 6.e3 h6 7.Bh4 b6 8.Bd3 Bb7
9.Ne2 d5 10.O-O Be7 11.a3 Nbd7 12.Rad1 c6 13.h3 a5  1/2-1/2

[Event "Cheliabinsk"]
[Site "Cheliabinsk"]
[Date "1989.??.??"]
[Round "?"]
[White "Ulibin, Mikhail"]
[Black "Galliamova, Alisa"]
[Result "1-0"]
[WhiteElo "2495"]
[BlackElo "2370"]

1.d4 Nf6 2.c4 e6 3.Nc3 Bb4 4.Qc2 O-O 5.a3 Bxc3+ 6.Qxc3 b6 7.Bg5 c5 8.dxc5 bxc5
9.e3 Nc6 10.Nf3 Qa5 11.Qxa5 Nxa5 12.b4 Nc6 13.b5 Na5 14.Bf4 Bb7 15.Bc7 Nb3
16.Rb1 Rfc8 17.Be5 Na5 18.Bc3 Be4 19.Rd1 Nb3 20.Rd6 a6 21.b6 Rc6 22.Rxc6 Bxc6
23.Bd3 Rb8 24.Ke2 Rxb6 25.Rb1 Ne4 26.Be1 f5 27.Ne5 Ba4 28.g4 d6 29.gxf5 exf5
30.Nf3 Kf7 31.Nh4 g6 32.Ng2 Nf6 33.h4 Nd7 34.Nf4 Ne5 35.Nd5 Rb7 36.Bc3 Nxd3
37.Kxd3 Bc6 38.Rg1 a5 39.h5 a4 40.hxg6+ hxg6 41.Nf4 Be4+ 42.Ke2 Rd7 43.Rxg6 Nc1+
44.Kd2 Nb3+ 45.Kd1 Bf3+ 46.Kc2 Be4+ 47.Kd1 Bf3+ 48.Ke1 Ke8 49.Rg8+ Kf7 50.Rg5 Ke8
51.Nd5 Rf7 52.Nf6+ Kd8 53.Rxf5 Bb7 54.Rh5 Ba6 55.Ne4 Kd7 56.Nxd6  1-0

[Event "Copenhagen op"]
[Site "Copenhagen"]
[Date "1989.??.??"]
[Round "3"]
[White "Peicheva Hansen, Evgenia"]
[Black "Kaunas, Kestutis"]
[Result "1/2-1/2"]
[WhiteElo "2205"]
[BlackElo "2260"]

1.d4 Nf6 2.c4 e6 3.Nc3 Bb4 4.Qc2 O-O 5.a3 Bxc3+ 6.Qxc3 d6 7.Bg5 Nbd7 8.e3 e5
9.Bd3 Re8 10.Ne2 Nf8 11.Qc2 h6 12.dxe5 dxe5 13.Bxf6 Qxf6 14.O-O Ne6 15.b4 Qh4
16.Ng3 Bd7 17.Be4 Nd8 18.Rfd1 Qe7 19.Rd2 a5 20.Rad1 Be6 21.Qa4 Bxc4 22.Rd7 Qe6
23.Bf5 Bb3 24.Qb5 Qc6 25.Qxc6 Nxc6 26.Rb1 axb4 27.Rxb3 bxa3 28.Rb1 Re7 29.Rd2 a2
30.Ra1 Nb4 31.Be4 c6 32.Ne2 g6 33.g4 Ra3 34.Nc1 b5 35.Kf1 Rea7 36.Ke2 Kf8
37.Nd3 Nxd3 38.Rxd3 c5 39.Bc6 R3a5 40.Rb3 b4 41.Bd5 Ke7 42.Rb2 f5 43.gxf5 gxf5
44.Rbxa2 Ra3 45.Rxa3 bxa3 46.Kd3 Kf6 47.Kc4 Ra5 48.Kb3 Kg5 49.Rxa3 c4+ 50.Bxc4 Rxa3+
51.Kxa3 Kg4 52.Be6 Kf3 53.Bxf5 e4 54.Bxe4+ Kxf2  1/2-1/2

[Event "Copenhagen op"]
[Site "Copenhagen"]
[Date "1989.??.??"]
[Round "6"]
[White "Hamann, Svend"]
[Black "Kaunas, Kestutis"]
[Result "0-1"]
[WhiteElo "2395"]
[BlackElo "2260"]

1.d4 Nf6 2.c4 e6 3.Nc3 Bb4 4.Qc2 O-O 5.Nf3 c5 6.dxc5 Na6 7.a3 Bxc3+ 8.Qxc3 Nxc5
9.e3 b6 10.Be2 Ba6 11.b4 Nce4 12.Qd4 d6 13.Bb2 Rc8 14.Rc1 Rc7 15.O-O Qc8
16.b5 Bb7 17.Qd1 e5 18.Nd2 Nxd2 19.Qxd2 Ne4 20.Qb4 Nc5 21.Rfd1 Qe6 22.f3 f5
23.Qe1 Rf6 24.Rc2 Rg6 25.Qh4 Rd7 26.Rcd2 h6 27.Bc3 a5 28.bxa6 Bxa6 29.Rb1 e4
30.f4 Bxc4 31.Bh5 b5 32.Bxg6 Qxg6 33.h3 h5 34.Kh2 Kf7 35.Rg1 Be6 36.Rb1 Bc4
37.Rdd1 Bd3 38.Rb4 Na6 39.Rb2 Nc5 40.Rf2 Bc4 41.Rg1 Nd3 42.Rff1 Qh6 43.Bd4 Nc5
44.Rd1 Ne6 45.Be5 Bd3 46.Bb2 g5 47.fxg5 Qxg5 48.Qxg5 Nxg5 49.Rc1 Ne6 50.Kg3 Rd8
51.Kh4 Kg6 52.Rc6 f4 53.exf4 Kf5 54.Re1 Nxf4 55.g4+ hxg4 56.hxg4+ Ke6 57.Kg3 Ng6
58.g5 Kf5 59.Bf6 Rd7 60.Kf2 Ne5 61.Bxe5 Kxe5 62.Rg1 Kd5 63.Rc8 Rf7+ 64.Ke1 Kd4
65.g6 Rg7 66.Rg5 d5 67.Rd8 Bc4 68.Rf8 e3 69.Rf7 Rg8 70.g7 Kc3 71.Rf8 d4 72.Rxg8 d3  0-1

[Event "URS-sf"]
[Site "Daugavpils"]
[Date "1989.??.??"]
[Round "?"]
[White "Aseev, Konstantin N"]
[Black "Rozentalis, Eduardas"]
[Result "1/2-1/2"]
[WhiteElo "2520"]
[BlackElo "2505"]

1.d4 Nf6 2.c4 e6 3.Nc3 Bb4 4.Qc2 O-O 5.a3 Bxc3+ 6.Qxc3 b6 7.Bg5 Bb7 8.f3 h6
9.Bh4 d5 10.e3 Nbd7 11.Nh3 Rc8 12.c5 bxc5 13.dxc5 c6 14.Bg3 a5 15.Bd6 Re8
16.Qb3 Ba8 17.Rc1 Nb8 18.Bd3 e5 19.O-O e4 20.fxe4 Nxe4 21.Bxe4 Rxe4 22.Rf4  1/2-1/2

[Event "Dieren op"]
[Site "Dieren"]
[Date "1989.??.??"]
[Round "1"]
[White "Cifuentes Parada, Roberto"]
[Black "Vogel, Jaap"]
[Result "1/2-1/2"]
[WhiteElo "2465"]
[BlackElo "2280"]

1.c4 e6 2.Nc3 Bb4 3.d4 Nf6 4.Qc2 O-O 5.Bg5 d6 6.e3 Nbd7 7.Bd3 Bxc3+ 8.Qxc3 h6
9.Bh4 e5 10.Ne2 Re8 11.O-O Nf8 12.dxe5 dxe5 13.Rad1 Qe7 14.Bb1 Ng6 15.Bg3 Bd7
16.Qb3 Qc5 17.Nc3 Be6 18.Nd5 Rab8 19.Qc3 Rbd8 20.Nxf6+ gxf6 21.b3 b5 22.Qa5 a6
23.Rc1 Qb6 24.Qxb6 cxb6 25.cxb5 axb5 26.Rfd1 f5 27.f3 f4 28.Bf2 fxe3 29.Bxe3 Nf4
30.Kf2 b4 31.Bxb6 Rxd1 32.Rxd1 Nd5 33.Be3 Nc3 34.Rc1 Ra8 35.Bxh6 Nxb1 36.Rxb1 Rxa2+
37.Kg3 Rc2 38.Re1 f6 39.Re4 Bxb3 40.Rxb4 Bc4 41.Rb1 Kh7 42.Bf8 Bd3 43.Re1 Kg6
44.h4 Re2 45.Rd1 e4 46.Bd6 Ra2 47.Bf4 Be2 48.Re1 exf3 49.gxf3 Bb5 50.Rc1 Be2
51.Be3 Ra5 52.Bc5 Ra6 53.Be3 Ra5 54.Rc6 Rf5 55.Bf4 Ra5 56.Re6 Bd1 57.Re1 Bc2
58.Re8 Ra3 59.Bc1 Rd3 60.Kf2 Bd1 61.Be3 Rd5 62.Rg8+ Kf7 63.Rg1 Bc2 64.Rc1 Bg6
65.Rc6 Bh5 66.Rc3 Kg6 67.Kg3 Rd1 68.Rc5 Rf1 69.Bf2 Rd1 70.Kf4 Rd3 71.Be3 Rd1
72.Rc3 Rd5 73.Bc1 Rf5+ 74.Kg3 Kf7 75.Rd3 Rb5 76.Bd2 Ke6 77.Ra3 Kf7 78.Bc3 Rd5
79.Ba1 Rf5 80.Bd4 Kg6 81.Bb6  1/2-1/2

[Event "Dortmund op"]
[Site "Dortmund"]
[Date "1989.??.??"]
[Round "11"]
[White "Bakalarz, Mieczyslaw"]
[Black "Eperjesi, Laszlo"]
[Result "0-1"]
[WhiteElo "2250"]
[BlackElo "2375"]

1.d4 Nf6 2.c4 e6 3.Nc3 Bb4 4.Qc2 O-O 5.a3 Bxc3+ 6.Qxc3 b6 7.e3 Bb7 8.Nf3 d6
9.Bd3 Nbd7 10.b4 Qe7 11.Bb2 Ne4 12.Qc2 f5 13.O-O a5 14.Nd2 Nxd2 15.Qxd2 e5
16.d5 e4 17.Be2 Ne5 18.f4 exf3 19.gxf3 Rf6 20.Kh1 Rh6 21.Rg1 axb4 22.axb4 Rxa1
23.Bxa1 Rh4 24.b5 Bc8 25.Qa2 f4 26.exf4 Rxh2+  0-1

[Event "Espoo op"]
[Site "Espoo"]
[Date "1989.??.??"]
[Round "3"]
[White "Videki, Sandor"]
[Black "Raaste, Eero J"]
[Result "0-1"]
[WhiteElo "2415"]
[BlackElo "2395"]

1.d4 Nf6 2.c4 e6 3.Nc3 Bb4 4.Qc2 O-O 5.a3 Bxc3+ 6.Qxc3 b6 7.Nf3 Bb7 8.e3 c5
9.b4 d6 10.Bb2 Nbd7 11.Bd3 Rc8 12.dxc5 bxc5 13.b5 e5 14.Bf5 g6 15.Bxd7 Nxd7
16.Ke2 Qe7 17.Rhd1 Rfd8 18.Kf1 Qe6 19.Nd2 f6 20.a4 Nf8 21.f3 Qf7 22.Rac1 Ne6
23.Nb1 g5 24.Rd2 Rd7 25.Rcd1 Rcd8 26.Kg1 h6 27.Qc2 Ng7 28.Na3 f5 29.Bc3 f4
30.exf4 Nf5 31.Qd3 gxf4 32.Nc2 Nd4 33.Bxd4 cxd4 34.Nb4 Rc8 35.Rc1 Rdc7 36.Rdc2 Kg7
37.a5 Rc5 38.a6 Ba8 39.Kf2 Qg6 40.Qxg6+ Kxg6 41.Nd3 R5c7 42.c5 e4 43.fxe4 Bxe4
44.Ke2 dxc5 45.Kd2 Bxd3 46.Kxd3 Kf5 47.Re2 Rd8 48.Ree1 h5 49.Rc2 h4 50.h3 Rd6
51.Re8 c4+ 52.Rxc4 Rxc4 53.Kxc4 d3 54.Re1 d2 55.Rd1 Ke4 56.b6 Rc6+ 57.Kb3 Kd3  0-1

[Event "Forli op"]
[Site "Forli"]
[Date "1989.??.??"]
[Round "2"]
[White "Forintos, Gyozo V"]
[Black "Kosten, Anthony C"]
[Result "1/2-1/2"]
[WhiteElo "2390"]
[BlackElo "2505"]

1.d4 Nf6 2.c4 e6 3.Nc3 Bb4 4.Qc2 O-O 5.Bg5 d6 6.e3 e5 7.Ne2 Re8 8.O-O-O Bxc3
9.Nxc3 Nbd7 10.dxe5 Rxe5 11.Bf4 Re8 12.Be2 Nc5 13.h3 a5 14.Bf3 Be6  1/2-1/2

[Event "Forli op"]
[Site "Forli"]
[Date "1989.??.??"]
[Round "5"]
[White "Vezzosi, Paolo"]
[Black "De Eccher, Stefano"]
[Result "1/2-1/2"]
[WhiteElo "2340"]
[BlackElo "2270"]

1.d4 Nf6 2.c4 e6 3.Nc3 Bb4 4.Qc2 O-O 5.Bg5 h6 6.Bh4 d6 7.e3 b6 8.Bd3 Bb7
9.f3 c5 10.Ne2 cxd4 11.exd4 d5 12.O-O Be7 13.Rad1 Nc6 14.a3 Rc8 15.Bf2 dxc4
16.Bxc4 Na5 17.Bd3 Nd5 18.Bh7+ Kh8 19.Be4 Bg5 20.Qb1 Nc4 21.Qa2 Qd7 22.Nxd5 Bxd5
23.Bxd5 exd5 24.Nc3 Rfe8 25.Rfe1 Rxe1+ 26.Bxe1 Be3+ 27.Bf2 Bg5 28.Qb3 Re8
29.Qc2 Kg8  1/2-1/2

[Event "Forli op"]
[Site "Forli"]
[Date "1989.??.??"]
[Round "7"]
[White "Vezzosi, Paolo"]
[Black "Michalet, Guy"]
[Result "1-0"]
[WhiteElo "2340"]
[BlackElo "2215"]

1.d4 Nf6 2.c4 e6 3.Nc3 Bb4 4.Qc2 O-O 5.Bg5 d6 6.e3 Nbd7 7.Ne2 h6 8.Bh4 e5
9.a3 exd4 10.exd4 Bxc3+ 11.Nxc3 Re8+ 12.Be2 b6 13.O-O Bb7 14.Rfe1 Qe7 15.Rad1 Qf8
16.Nb5 Rec8 17.d5 a6 18.Nd4 Re8 19.b4 g6 20.Rf1 Qg7 21.f4 b5 22.Nc6 Bxc6
23.dxc6 Nb6 24.Bf2 Nxc4 25.Bxc4 bxc4 26.Bd4 Re6 27.f5 gxf5 28.Qxf5 Re2 29.Qf3 Rae8
30.Bxf6 Qg6 31.Bd4 c3 32.Qg3 Qxg3 33.hxg3 c2 34.Rd3 Re1 35.Bb2 R8e2 36.Bc1 h5
37.Rf3 Rd1 38.Rxf7 Ree1 39.Rxe1 Rxe1+ 40.Rf1 Re4 41.Kf2 Rc4 42.Ke2 Rxc6 43.Kd3  1-0

[Event "Arnold Cup"]
[Site "Gausdal"]
[Date "1989.??.??"]
[Round "?"]
[White "Mohr, Stefan"]
[Black "Conquest, Stuart"]
[Result "0-1"]
[WhiteElo "2530"]
[BlackElo "2490"]

1.d4 Nf6 2.c4 e6 3.Nc3 Bb4 4.Qc2 O-O 5.a3 Bxc3+ 6.Qxc3 b6 7.Bg5 Bb7 8.f3 d5
9.e3 Nbd7 10.Bd3 c5 11.cxd5 exd5 12.Ne2 h6 13.Bh4 Qe7 14.Bb5 Qd6 15.O-O Rac8
16.Qd2 Bc6 17.Bd3 Rfe8 18.Ng3 Qf8 19.Ne2 Qe7 20.Bf2 Nf8 21.Ng3 g6 22.Rfe1 Qd7
23.Rac1 Bb5 24.Bb1 Ne6 25.Nf1 cxd4 26.Rxc8 Rxc8 27.exd4 Kh7 28.Ne3 h5 29.Bg3 Ng8
30.Be5 f6 31.Bg3 Ng7 32.Nd1 Re8 33.Rxe8 Qxe8 34.Nc3 Bc6 35.Qf4 Nh6 36.Bf2 Qe7
37.Ba2 Qd8 38.Qe3 Nhf5 39.Qe2 Qd6 40.g4 hxg4 41.fxg4 Ne7 42.Bg3 Qd7 43.Bh4 g5
44.Bb1+ Kg8 45.Bg3 Kf7 46.h3 Qe6 47.Qf3 Ke8 48.Kf2 Qf7 49.b4 Kf8 50.Bd6 Ne8
51.Bb8 Qe6 52.Bxa7 Bb7 53.Qe3 Qc6 54.Bb8 Ba6 55.Ba2 Bc4 56.Bb1 Qa8 57.Bg3 Qxa3
58.h4 Qxb4 59.hxg5 fxg5 60.Qf3+ Kg8 61.Be5 Qb2+ 62.Kg3 Ng7 63.Bd6 Qc1 64.Kg2 Qd2+
65.Qf2 Qxf2+ 66.Kxf2 Nc6 67.Ke3 Ne6 68.Ne2 Bxe2 69.Kxe2 Ncxd4+ 70.Ke3 Nb5
71.Bb4 Kf7 72.Ba2 Nf4 73.Bb1 Kf6 74.Bf5 Ke5 75.Be7 Nh3 76.Bd8 Nd6 77.Bd7 Nc4+
78.Kf3 d4 79.Kg3 Ng1 80.Bxg5 d3 81.Kg2 Ne2 82.Bb5 Kd5 83.Kf1 Nd4 84.Ba6 b5
85.Bb7+ Kc5 86.Ke1 b4 87.Be4 Nc2+ 88.Kf2 Ne5 89.Kg3 b3 90.Bc1 Kd4 91.Kf4 Kc3
92.Kxe5 d2 93.Bxd2+ Kxd2 94.Bd5 b2 95.Ba2 Nb4 96.Bb1 Kc1 97.g5 Kxb1 98.g6 Kc1
99.g7 b1=Q  0-1

[Event "BL2-N8889"]
[Site "Germany"]
[Date "1989.??.??"]
[Round "?"]
[White "Panzer, Peter"]
[Black "Behrens, Harald"]
[Result "1/2-1/2"]
[WhiteElo "2270"]
[BlackElo "2305"]

1.d4 Nf6 2.c4 e6 3.Nc3 Bb4 4.Qc2 O-O 5.a3 Bxc3+ 6.Qxc3 b6 7.Bg5 Bb7 8.e3 d6
9.f3 Qe7 10.Bd3 h6 11.Bh4 e5 12.Ne2 Nbd7 13.Bf5 Rad8 14.O-O Rfe8 15.e4 exd4
16.Nxd4 Ne5 17.Bh3 Ng6 18.Nf5 Qe5 19.Bxf6 gxf6 20.Nxh6+ Kf8 21.Qd2 Qg5 22.Qxg5 fxg5
23.Ng4 Nf4 24.Nf2 Ba6 25.b3 d5 26.exd5 Re3 27.Rab1 b5 28.cxb5 Bxb5 29.Rfe1 Ne2+
30.Kh1 Rxd5 31.a4 Ba6 32.b4 Rde5 33.Red1 Nc3 34.Rd8+ Ke7 35.Rd7+ Ke8 36.Rg1 f5
37.Rd2 Re1 38.Nd3 Rxg1+ 39.Kxg1 Rd5 40.b5 Bc8 41.g3 Nxa4 42.Bf1 Nc3 43.Rc2 Nxb5
44.Nb4 Rd1 45.Kf2 Bd7 46.Bxb5 Bxb5 47.Rxc7 Rd2+ 48.Ke3 Rxh2 49.Rxa7 Rb2 50.Nd5 Bc6
51.Nf6+ Kd8 52.Nh7 Rb3+ 53.Kd4 Rxf3 54.Nxg5 Rxg3 55.Ne6+ Ke8 56.Ng7+ Kf8  1/2-1/2

[Event "Groningen op"]
[Site "Groningen"]
[Date "1989.??.??"]
[Round "1"]
[White "Hansen, Lars Bo"]
[Black "Hoeksema, Hendrik Pieter"]
[Result "1/2-1/2"]
[WhiteElo "2540"]
[BlackElo "2380"]

1.d4 Nf6 2.c4 e6 3.Nc3 Bb4 4.Qc2 O-O 5.a3 Bxc3+ 6.Qxc3 d6 7.Bg5 Nbd7 8.Nf3 Qe8
9.Nd2 b6 10.e4 c5 11.Be2 Bb7 12.f3 Qb8 13.O-O d5 14.cxd5 exd5 15.Bxf6 Nxf6
16.e5 Nd7 17.f4 Qc8 18.Rfc1 Qd8 19.b4 Rc8 20.Qe3 Qe7 21.Bb5 Bc6 22.Bxc6 Rxc6
23.Qf3 Rd8 24.dxc5 bxc5 25.Nb3 Rcc8 26.Qxd5 c4 27.Na5 Nb6 28.Qe4 Qe6 29.Rc2 f5
30.Qe2 Rd4 31.Qf2 Qd5 32.Re1 c3 33.h3 h6 34.Kh2 Na4 35.e6 Re4 36.Rxe4 fxe4
37.e7 Qd7 38.Nb3 Qxe7 39.Nc5 e3 40.Qe2 Nxc5 41.Rxc3 Qe4 42.Rc4 Qd5 43.Rc2 Qe4
44.Rc4 Qd5 45.Rc2  1/2-1/2

[Event "Groningen op"]
[Site "Groningen"]
[Date "1989.??.??"]
[Round "2"]
[White "Kohlweyer, Bernd"]
[Black "Heemskerk, Wim"]
[Result "1-0"]
[WhiteElo "2365"]
[BlackElo "2300"]

1.d4 Nf6 2.c4 e6 3.Nc3 Bb4 4.Qc2 O-O 5.a3 Bxc3+ 6.Qxc3 b6 7.Bg5 Bb7 8.f3 h6
9.Bh4 d5 10.cxd5 exd5 11.e3 Re8 12.Bf2 c5 13.Bb5 Nc6 14.Ne2 Rc8 15.O-O a6
16.Bd3 Ne7 17.Qd2 Qd7 18.b4 c4 19.Bc2 Nf5 20.Nc3 Nd6 21.a4 Re6 22.Rfe1 Rce8
23.h3 Nh7 24.Kh1 Qe7 25.Re2 Qg5 26.Qe1 Qe7 27.Qg1 Qg5 28.g4 Qf6 29.Qg3 Ng5
30.Kg2 Qd8 31.Bg1 Nh7 32.Qf2 Nf6 33.Bh2 Qe7 34.Bf4 g5 35.Be5 Nd7 36.Bxd6 Qxd6
37.b5 a5 38.Rh1 Kg7 39.h4 Nf8 40.Bf5 R6e7 41.hxg5 hxg5 42.Rh5 f6 43.Re1 Ng6
44.Bxg6 Kxg6 45.Qc2+  1-0

[Event "Groningen op"]
[Site "Groningen"]
[Date "1989.??.??"]
[Round "3"]
[White "Stohl, Igor"]
[Black "Heemskerk, Wim"]
[Result "1-0"]
[WhiteElo "2455"]
[BlackElo "2300"]

1.d4 Nf6 2.c4 e6 3.Nc3 Bb4 4.Qc2 O-O 5.a3 Bxc3+ 6.Qxc3 b6 7.Bg5 Bb7 8.f3 h6
9.Bh4 d5 10.cxd5 exd5 11.e3 Re8 12.Nh3 c5 13.Bb5 Bc6 14.Be2 Ne4 15.Bxd8 Nxc3
16.bxc3 Rxd8 17.a4 Nd7 18.Kd2 Re8 19.Nf4 Rac8 20.Bd3 Rc7 21.Rhb1 c4 22.Bc2 Nf6
23.h4 Rb8 24.g4 g6 25.Rg1 Kg7 26.Bxg6  1-0

[Event "Groningen op"]
[Site "Groningen"]
[Date "1989.??.??"]
[Round "6"]
[White "Hansen, Lars Bo"]
[Black "Vladimirov, Evgeny"]
[Result "1/2-1/2"]
[WhiteElo "2540"]
[BlackElo "2550"]

1.d4 Nf6 2.c4 e6 3.Nc3 Bb4 4.Qc2 O-O 5.a3 Bxc3+ 6.Qxc3 b6 7.Bg5 Bb7 8.Nh3 h6
9.Bh4 d5 10.cxd5 exd5 11.e3  1/2-1/2

[Event "EU-chT"]
[Site "Haifa"]
[Date "1989.??.??"]
[Round "1"]
[White "Tisdall, Jonathan D"]
[Black "Pinter, Jozsef"]
[Result "1/2-1/2"]
[WhiteElo "2465"]
[BlackElo "2560"]

1.d4 Nf6 2.c4 e6 3.Nc3 Bb4 4.Qc2 O-O 5.a3 Bxc3+ 6.Qxc3 b6 7.Bg5 Ba6 8.Nh3 h6
9.Bh4 d5 10.e3 Nbd7 11.cxd5 Bxf1 12.Kxf1 exd5 13.Qc6 Rc8 14.Bxf6 Nxf6 15.Nf4 Qe8
16.Rc1 Qe4 17.h4 Rfd8 18.h5 Qf5 19.b4 Ne4 20.Kg1 Rd6 21.Qb7 Qd7 22.Nd3 c6
23.Qxd7 Rxd7 24.g3 Rdc7 25.Kg2 Kf8 26.Rc2 Ke7 27.Rhc1 Kd6 28.f3 Ng5 29.Kf2 Ne6
30.Rd1 Ra8 31.Rb1 f6 32.a4 Rac8 33.a5 bxa5 34.bxa5 c5 35.dxc5+ Nxc5 36.Ke2 Ne6
37.Rxc7 Rxc7 38.Nf4 Rc2+ 39.Kd3 Ra2 40.Nxe6 Kxe6  1/2-1/2

[Event "EU-chT"]
[Site "Haifa"]
[Date "1989.??.??"]
[Round "7"]
[White "Yrjola, Jouni"]
[Black "Pinter, Jozsef"]
[Result "1/2-1/2"]
[WhiteElo "2460"]
[BlackElo "2560"]

1.d4 Nf6 2.c4 e6 3.Nc3 Bb4 4.Qc2 O-O 5.a3 Bxc3+ 6.Qxc3 b6 7.Bg5 Ba6 8.e3 h6
9.Bh4 c5 10.dxc5 bxc5 11.Bd3 Bb7 12.f3 d6 13.Nh3 Nbd7 14.Nf2 Qb6 15.O-O a5
16.Rad1 Rfe8 17.Bb1 d5 18.Ng4 Nxg4 19.fxg4 Nf8 20.Rf2 Ra7 21.Ba2 dxc4 22.Bxc4 Ba6
23.Bxa6 Rxa6 24.Rc2 Rc8 25.Be7 Qb7 26.Bxc5 Nd7 27.b4 axb4 28.axb4 Nb6 29.h3 Nd5
30.Qd2 Ra3 31.Rb2 Qb5 32.Rc1 Ra4 33.Rcb1 Ra3 34.Rc1 Ra4 35.Rf1 Ra3 36.Qf2 Rc7
37.Ra2 Rxa2 38.Qxa2 Rb7 39.Qa8+ Rb8 40.Qa7 Rb7 41.Qa8+ Kh7  1/2-1/2

[Event "EU-chT"]
[Site "Haifa"]
[Date "1989.??.??"]
[Round "8"]
[White "Stempin, Pawel"]
[Black "Landenbergue, Claude"]
[Result "0-1"]
[WhiteElo "2405"]
[BlackElo "2345"]

1.d4 Nf6 2.c4 e6 3.Nc3 Bb4 4.Qc2 O-O 5.a3 Bxc3+ 6.Qxc3 b6 7.Nf3 Ne4 8.Qc2 Bb7
9.g3 f5 10.Bg2 Nf6 11.O-O Be4 12.Qc3 Nc6 13.b3 Qe8 14.Bb2 Qh5 15.Rad1 Ne7
16.Rfe1 f4 17.d5 fxg3 18.hxg3 exd5 19.cxd5 Nexd5 20.Qe5 Qxe5 21.Nxe5 Bxg2
22.Kxg2 Rad8 23.Rd3 Ne7 24.b4 d6 25.Nf3 Ne4 26.Rd4 d5 27.b5 Nf5 28.Rb4 Nfd6
29.a4 Nc4 30.Bd4 a6 31.Rf1 Rfe8 32.Rc1 Ra8 33.Rc2 axb5 34.axb5 Ra5 35.Bb2 Rf8
36.Bc1 h6 37.e3 Ra1 38.Bb2 Ra2 39.g4 Nc5 40.Ne1 Rfa8 41.Kf1 R8a5 42.Bd4 Rxc2
43.Nxc2 Nd3  0-1

[Event "HUN-ch"]
[Site "?"]
[Date "1989.??.??"]
[Round "?"]
[White "Horvath, Gyula"]
[Black "Petran, Pal"]
[Result "1/2-1/2"]
[WhiteElo "2410"]
[BlackElo "2440"]

1.c4 Nf6 2.d4 e6 3.Nc3 Bb4 4.Qc2 O-O 5.a3 Bxc3+ 6.Qxc3 d6 7.Bg5 h6 8.Bh4 Nc6
9.e3 Re8 10.Qc2 e5 11.d5 Nb8 12.Ne2 Nbd7 13.Nc3 a5 14.Be2 Nc5 15.b3 e4 16.O-O g5
17.Bg3 Bf5 18.b4 axb4 19.axb4 Nd3 20.Rxa8 Qxa8 21.Nxe4 Bxe4 22.Bxd3 Qa3 23.Bxe4 Nxe4  1/2-1/2

[Event "Leningrad-chT"]
[Site "Leningrad"]
[Date "1989.??.??"]
[Round "?"]
[White "Baburin, Alexander"]
[Black "Kharitonov, Andrei Y"]
[Result "1/2-1/2"]
[WhiteElo "2415"]
[BlackElo "2505"]

1.d4 Nf6 2.c4 e6 3.Nc3 Bb4 4.Qc2 O-O 5.Bg5 c5 6.e3 cxd4 7.exd4 d5 8.Nf3 Be7
9.a3 b6 10.cxd5 Nxd5 11.Nxd5 exd5 12.Be3 Ba6 13.Bxa6 Nxa6 14.O-O Qc8 15.Qa4 Qb7
16.Rac1 Rac8 17.Bf4 b5 18.Qb3 Rc4 19.Ne5 Rxd4 20.Be3 Re4 21.Nc6 Bf6 22.Qxd5 Rfe8
23.Qb3 Nb8 24.Nb4 Bd4 25.Bxd4 Rxd4 26.Rfe1  1/2-1/2

[Event "Leon"]
[Site "Leon"]
[Date "1989.??.??"]
[Round "?"]
[White "Estremera Panos, Sergio"]
[Black "Pinter, Jozsef"]
[Result "0-1"]
[WhiteElo "2315"]
[BlackElo "2550"]

1.d4 Nf6 2.c4 e6 3.Nc3 Bb4 4.Qc2 O-O 5.Bg5 c5 6.e3 cxd4 7.exd4 Be7 8.Nf3 h6
9.Bh4 b6 10.Bd3 Bb7 11.Qe2 d6 12.O-O Nbd7 13.Rfe1 Re8 14.Rac1 Rc8 15.b4 a6
16.h3 Bf8 17.Nd2 Qc7 18.Bg3 e5 19.d5 g6 20.Nb3 e4 21.Bb1 Qxc4 22.Nxe4 Qxe2
23.Rxe2 Rxc1+ 24.Nxc1 Nxe4 25.Bxe4 Nf6 26.f3 Rc8 27.Nb3 Bxd5 28.Bxd5 Nxd5
29.Rd2 Ne3 30.Kf2 Nc4 31.Rc2 d5 32.a3 Bg7  0-1

[Event "Lugano op"]
[Site "Lugano"]
[Date "1989.??.??"]
[Round "6"]
[White "Petursson, Margeir"]
[Black "Brenninkmeijer, Joris"]
[Result "1-0"]
[WhiteElo "2530"]
[BlackElo "2415"]

1.d4 Nf6 2.c4 e6 3.Nc3 Bb4 4.Qc2 O-O 5.a3 Bxc3+ 6.Qxc3 b6 7.Bg5 c5 8.dxc5 bxc5
9.e3 Bb7 10.f3 Qe7 11.Nh3 h6 12.Bh4 d6 13.O-O-O Nbd7 14.Nf2 a5 15.Ng4 e5
16.e4 Qe6 17.Ne3 Rfd8 18.g4 Nf8 19.Bg3 g6 20.h4 Ne8 21.Bd3 Qf6 22.Rdf1 Qg7
23.Rhg1 Kh8 24.Nd5 Ne6 25.Kb1 Bxd5 26.exd5 Nf4 27.g5 h5 28.Re1 Nxd3 29.Qxd3 Qf8
30.Re4 Ng7 31.f4 exf4 32.Rxf4 Nf5 33.Be1 Kg8 34.Rxf5 gxf5 35.Bc3 Qe7 36.Qxf5 Re8
37.Ka1  1-0

[Event "Lugano op"]
[Site "Lugano"]
[Date "1989.??.??"]
[Round "7"]
[White "Marinelli, Tullio"]
[Black "Jacobs, Byron A"]
[Result "1-0"]
[WhiteElo "2260"]
[BlackElo "2350"]

1.d4 Nf6 2.c4 e6 3.Nc3 Bb4 4.Qc2 O-O 5.Bg5 h6 6.Bh4 c5 7.dxc5 Bxc5 8.Nf3 Be7
9.e4 d6 10.Be2 a6 11.O-O Qc7 12.Rfd1 Nbd7 13.Rd2 b6 14.Rad1 Bb7 15.Bg3 Ne5
16.Nxe5 dxe5 17.a3 Rac8 18.b4 Bc6 19.Qb3 Rfd8 20.f3 Rxd2 21.Rxd2 a5 22.Bf2 Rd8
23.Rc2 axb4 24.axb4 Qb8 25.Na4 Nd7 26.Rd2 Kh7 27.Rd1 g6 28.Be3 Bg5 29.Bxg5 hxg5
30.b5 Bb7 31.Qd3 Qa7 32.Qd6 Bc8 33.Nxb6 Nxb6 34.Qxd8 Nxc4+ 35.Kh1 Ne3 36.Rc1 Bb7
37.b6 Qa3 38.Qd2 f5 39.Qc3 Qa2 40.Qxe3  1-0

[Event "Marseille"]
[Site "Marseille"]
[Date "1989.??.??"]
[Round "?"]
[White "Andruet, Gilles"]
[Black "Renet, Olivier"]
[Result "1/2-1/2"]
[WhiteElo "2420"]
[BlackElo "2480"]

1.d4 Nf6 2.c4 e6 3.Nc3 Bb4 4.Qc2 O-O 5.a3 Bxc3+ 6.Qxc3 b6 7.Bg5 Bb7 8.f3 d5
9.cxd5 exd5 10.e3 Re8 11.Bb5 c6 12.Ba4 Nbd7 13.Nh3 h6 14.Bxf6 Nxf6 15.O-O Qd6
16.Rfe1 Red8 17.b4 Rac8 18.Rac1 Rc7 19.Nf2 Nh7 20.Red1 Nf8 21.e4 dxe4 22.Nxe4 Qg6
23.d5 Rcd7 24.Bxc6 Bxc6 25.Qxc6 Qxc6 26.Rxc6 Rxd5  1/2-1/2

[Event "Montpellier-A"]
[Site "Montpellier"]
[Date "1989.??.??"]
[Round "?"]
[White "Andruet, Gilles"]
[Black "Pira, Davoud"]
[Result "0-1"]
[WhiteElo "2360"]
[BlackElo "2330"]

1.d4 Nf6 2.c4 e6 3.Nc3 Bb4 4.Qc2 O-O 5.a3 Bxc3+ 6.Qxc3 b5 7.cxb5 c6 8.e3 cxb5
9.Bxb5 Ne4 10.Qd3 Nd6 11.a4 a6 12.Bc4 Qg5 13.g3 Nxc4 14.Qxc4 a5 15.h4 Qf5
16.Qe2 Nc6 17.e4 Qf6 18.e5 Qe7 19.Qd2 Bb7 20.f3 f6 21.b3 fxe5 22.Ba3 d6 23.dxe5 Nxe5
24.Bxd6 Qf6  0-1

[Event "Moscow-A"]
[Site "Moscow"]
[Date "1989.??.??"]
[Round "?"]
[White "Gruenberg, Hans Ulrich"]
[Black "Kharitonov, Andrei Y"]
[Result "1/2-1/2"]
[WhiteElo "2475"]
[BlackElo "2520"]

1.d4 Nf6 2.c4 e6 3.Nc3 Bb4 4.Qc2 O-O 5.a3 Bxc3+ 6.Qxc3 Ne4 7.Qc2 f5 8.Nf3 d6
9.g3 c5 10.Bg2 Qa5+ 11.Bd2 Nxd2 12.Qxd2 Qxd2+ 13.Kxd2 Nc6 14.Kc3  1/2-1/2